000 00535nam a2200193Ia 4500
005 20250508155659.0
008 008 250505s9999 xx 000 0 eng d
037 _aTextual
040 _aFEDL
_beng
_cFEDL
041 _aeng
_2eng
084 _a370.425, NAJ
_qFEDL
100 _aNajmi N. N.
_9767263
245 0 _aVocational preferences
260 _aKurukshetra, India
_bExtension Services Department
_c1970
300 _a33p.
650 _aEducation
942 _cTEXL
_h370.425, NAJ
999 _c1358757
_d1358757